000 01321cam a22003854i 4500
003 PE-LiUPU
005 20250731173223.0
008 150625s r 000 0 d
035 _a(Sirsi) a33983
040 _aPE-LiUPU
_bspa
_cPE-LiUPU
_erda
082 0 4 _a269.2
_bH117
_223
245 1 0 _aHacia una teología de la evangelización /
_cOrlando Costas, copilador.
264 _aBuenos Aires :
_bLa Aurora,
_c1973.
300 _a306 páginas :
_c22.5 centímetros.
336 _atext
_2rdacontent
337 _aunmediated
_2rdamedia
338 _avolume
_2rdacarrier
505 _aLa evangelización en la historia de la salvación -- La evangelización en su perspectiva teológica -- La evangelización en el devenir histórico de la iglesia -- La evangelización en el mundo contemporáneo.
526 _aSEG42
526 _aSEG41
526 _aSEG40
526 _aSEG39
526 _aP94
526 _aP87
526 _aP86
526 _aP85
526 _aP77
526 _aP76
526 _aP35
650 1 4 _aEvangelismo
_xTeología.
942 _2ddc
_cBK
_n0
949 _a269.2 H117
_wDEWEY
_c1
_i16665
_lCCODEBUL1
_mBUL
_p00.00
_r0
_sY
_tBOOK
_u2015-06-25
_xBIBLIOTECA
_zUNKNOWN
_0COMPRA
_o.STAFF. Colección General
980 _81
_gALBERTO SANCHEZ Responsable de Automatización
999 _c41790
_d41790